<?xml version="1.0" encoding="UTF-8"?>
<record
    xmlns:xsi="http://www.w3.org/2001/XMLSchema-instance"
    xsi:schemaLocation="http://www.loc.gov/MARC21/slim http://www.loc.gov/standards/marcxml/schema/MARC21slim.xsd"
    xmlns="http://www.loc.gov/MARC21/slim">

  <leader>00382nam a2200169   4500</leader>
  <controlfield tag="003">OSt</controlfield>
  <controlfield tag="008">250122b        |||||||| |||| 00| 0 eng d</controlfield>
  <datafield tag="020" ind1=" " ind2=" ">
    <subfield code="a">9789388511025</subfield>
  </datafield>
  <datafield tag="082" ind1=" " ind2=" ">
    <subfield code="a">005.133 BEP</subfield>
  </datafield>
  <datafield tag="100" ind1=" " ind2=" ">
    <subfield code="a">BERI, Rydhm</subfield>
  </datafield>
  <datafield tag="245" ind1=" " ind2=" ">
    <subfield code="a">Python Made Simple</subfield>
  </datafield>
  <datafield tag="250" ind1=" " ind2=" ">
    <subfield code="a">1st</subfield>
  </datafield>
  <datafield tag="260" ind1=" " ind2=" ">
    <subfield code="b">BPB Publication</subfield>
    <subfield code="c">2024</subfield>
  </datafield>
  <datafield tag="300" ind1=" " ind2=" ">
    <subfield code="a">346</subfield>
  </datafield>
  <datafield tag="650" ind1=" " ind2=" ">
    <subfield code="a">Python Made Simple</subfield>
  </datafield>
  <datafield tag="942" ind1=" " ind2=" ">
    <subfield code="2">ddc</subfield>
    <subfield code="c">BK</subfield>
  </datafield>
  <datafield tag="999" ind1=" " ind2=" ">
    <subfield code="c">13002</subfield>
    <subfield code="d">13002</subfield>
  </datafield>
  <datafield tag="952" ind1=" " ind2=" ">
    <subfield code="0">0</subfield>
    <subfield code="1">0</subfield>
    <subfield code="2">ddc</subfield>
    <subfield code="4">0</subfield>
    <subfield code="7">0</subfield>
    <subfield code="8">BTECHCSE</subfield>
    <subfield code="a">PIET</subfield>
    <subfield code="b">PIET</subfield>
    <subfield code="d">2024-09-24</subfield>
    <subfield code="e">Shop Your Books</subfield>
    <subfield code="f">INR</subfield>
    <subfield code="g">699.00</subfield>
    <subfield code="k">IN 4</subfield>
    <subfield code="l">0</subfield>
    <subfield code="o">005.133 BEP</subfield>
    <subfield code="p">38558</subfield>
    <subfield code="r">2025-01-22 00:00:00</subfield>
    <subfield code="v">532.00</subfield>
    <subfield code="w">2024-09-24</subfield>
    <subfield code="y">REF</subfield>
    <subfield code="z">Decentralization</subfield>
  </datafield>
  <datafield tag="952" ind1=" " ind2=" ">
    <subfield code="0">0</subfield>
    <subfield code="1">0</subfield>
    <subfield code="2">ddc</subfield>
    <subfield code="4">0</subfield>
    <subfield code="7">0</subfield>
    <subfield code="8">CSEAIDS</subfield>
    <subfield code="a">PIET</subfield>
    <subfield code="b">PIET</subfield>
    <subfield code="d">2024-08-20</subfield>
    <subfield code="e">Shop Your Books</subfield>
    <subfield code="f">INR</subfield>
    <subfield code="g">699.00</subfield>
    <subfield code="k">IN3</subfield>
    <subfield code="l">4</subfield>
    <subfield code="o">005.133 BEP</subfield>
    <subfield code="p">38569</subfield>
    <subfield code="q">2026-08-31</subfield>
    <subfield code="r">2026-02-11 00:00:00</subfield>
    <subfield code="s">2026-02-11</subfield>
    <subfield code="v">531.00</subfield>
    <subfield code="w">2024-08-20</subfield>
    <subfield code="y">BK</subfield>
    <subfield code="z">Decentralization</subfield>
  </datafield>
  <datafield tag="952" ind1=" " ind2=" ">
    <subfield code="0">0</subfield>
    <subfield code="1">0</subfield>
    <subfield code="2">ddc</subfield>
    <subfield code="4">0</subfield>
    <subfield code="7">0</subfield>
    <subfield code="8">CSEAIDS</subfield>
    <subfield code="a">PIET</subfield>
    <subfield code="b">PIET</subfield>
    <subfield code="d">2024-08-20</subfield>
    <subfield code="e">Shop Your Books</subfield>
    <subfield code="f">INR</subfield>
    <subfield code="g">699.00</subfield>
    <subfield code="k">IN3</subfield>
    <subfield code="l">3</subfield>
    <subfield code="o">005.133 BEP</subfield>
    <subfield code="p">38570</subfield>
    <subfield code="r">2026-01-24 00:00:00</subfield>
    <subfield code="s">2026-01-23</subfield>
    <subfield code="v">531.00</subfield>
    <subfield code="w">2024-08-20</subfield>
    <subfield code="y">BK</subfield>
    <subfield code="z">Decentralization</subfield>
  </datafield>
  <datafield tag="952" ind1=" " ind2=" ">
    <subfield code="0">0</subfield>
    <subfield code="1">0</subfield>
    <subfield code="2">ddc</subfield>
    <subfield code="4">0</subfield>
    <subfield code="7">0</subfield>
    <subfield code="8">BCA</subfield>
    <subfield code="a">PIET</subfield>
    <subfield code="b">PIET</subfield>
    <subfield code="d">2025-04-11</subfield>
    <subfield code="e">Zaffa Books</subfield>
    <subfield code="f">INR</subfield>
    <subfield code="g">699.00</subfield>
    <subfield code="k">ZBD0028</subfield>
    <subfield code="l">2</subfield>
    <subfield code="o">005.133 BEP</subfield>
    <subfield code="p">BC2711</subfield>
    <subfield code="r">2026-03-17 00:00:00</subfield>
    <subfield code="s">2026-03-06</subfield>
    <subfield code="v">510.27</subfield>
    <subfield code="w">2025-04-11</subfield>
    <subfield code="y">BK</subfield>
  </datafield>
  <datafield tag="952" ind1=" " ind2=" ">
    <subfield code="0">0</subfield>
    <subfield code="1">0</subfield>
    <subfield code="2">ddc</subfield>
    <subfield code="4">0</subfield>
    <subfield code="7">0</subfield>
    <subfield code="8">BCA</subfield>
    <subfield code="a">PIET</subfield>
    <subfield code="b">PIET</subfield>
    <subfield code="d">2025-04-11</subfield>
    <subfield code="e">Zaffa Books</subfield>
    <subfield code="f">INR</subfield>
    <subfield code="g">699.00</subfield>
    <subfield code="k">ZBD0028</subfield>
    <subfield code="l">4</subfield>
    <subfield code="o">005.133 BEP</subfield>
    <subfield code="p">BC2712</subfield>
    <subfield code="r">2026-06-05 13:56:23</subfield>
    <subfield code="s">2026-05-21</subfield>
    <subfield code="v">510.27</subfield>
    <subfield code="w">2025-04-11</subfield>
    <subfield code="y">BK</subfield>
  </datafield>
  <datafield tag="952" ind1=" " ind2=" ">
    <subfield code="0">0</subfield>
    <subfield code="1">0</subfield>
    <subfield code="2">ddc</subfield>
    <subfield code="4">0</subfield>
    <subfield code="7">0</subfield>
    <subfield code="8">BCA</subfield>
    <subfield code="a">PIET</subfield>
    <subfield code="b">PIET</subfield>
    <subfield code="d">2025-04-11</subfield>
    <subfield code="e">Zaffa Books</subfield>
    <subfield code="f">INR</subfield>
    <subfield code="g">699.00</subfield>
    <subfield code="k">ZBD0028</subfield>
    <subfield code="l">1</subfield>
    <subfield code="o">005.133 BEP</subfield>
    <subfield code="p">BC2713</subfield>
    <subfield code="r">2025-05-13 00:00:00</subfield>
    <subfield code="s">2025-05-05</subfield>
    <subfield code="v">510.27</subfield>
    <subfield code="w">2025-04-11</subfield>
    <subfield code="y">BK</subfield>
  </datafield>
  <datafield tag="952" ind1=" " ind2=" ">
    <subfield code="0">0</subfield>
    <subfield code="1">0</subfield>
    <subfield code="2">ddc</subfield>
    <subfield code="4">0</subfield>
    <subfield code="7">0</subfield>
    <subfield code="8">BCA</subfield>
    <subfield code="a">PIET</subfield>
    <subfield code="b">PIET</subfield>
    <subfield code="d">2025-04-11</subfield>
    <subfield code="e">Zaffa Books</subfield>
    <subfield code="f">INR</subfield>
    <subfield code="g">699.00</subfield>
    <subfield code="k">ZBD0028</subfield>
    <subfield code="l">2</subfield>
    <subfield code="o">005.133 BEP</subfield>
    <subfield code="p">BC2714</subfield>
    <subfield code="q">2026-09-21</subfield>
    <subfield code="r">2026-03-03 00:00:00</subfield>
    <subfield code="s">2026-03-03</subfield>
    <subfield code="v">510.27</subfield>
    <subfield code="w">2025-04-11</subfield>
    <subfield code="y">BK</subfield>
  </datafield>
  <datafield tag="952" ind1=" " ind2=" ">
    <subfield code="0">0</subfield>
    <subfield code="1">0</subfield>
    <subfield code="2">ddc</subfield>
    <subfield code="4">0</subfield>
    <subfield code="7">0</subfield>
    <subfield code="8">BCA</subfield>
    <subfield code="a">PIET</subfield>
    <subfield code="b">PIET</subfield>
    <subfield code="d">2025-04-11</subfield>
    <subfield code="e">Zaffa Books</subfield>
    <subfield code="f">INR</subfield>
    <subfield code="g">699.00</subfield>
    <subfield code="k">ZBD0028</subfield>
    <subfield code="l">3</subfield>
    <subfield code="o">005.133 BEP</subfield>
    <subfield code="p">BC2715</subfield>
    <subfield code="r">2026-03-17 00:00:00</subfield>
    <subfield code="s">2026-03-06</subfield>
    <subfield code="v">510.27</subfield>
    <subfield code="w">2025-04-11</subfield>
    <subfield code="y">BK</subfield>
  </datafield>
</record>
